| 000 | 01305nam a22004097a 4500 | ||
|---|---|---|---|
| 003 | OSt | ||
| 005 | 20230817083706.0 | ||
| 008 | 221006b |||||||| |||| 00| 0 eng d | ||
| 040 | _cBiblioteca Lado V | ||
| 082 |
_a868.992.3 _bB214c |
||
| 100 |
_9943 _aBandara, Samuel B. _eeditor |
||
| 245 |
_aCRB/ _bThe Caribbean Review of Books/ |
||
| 260 |
_bMedia and Editorial Projects Ltd. _c2007 _aEspaña _aTrinidad y Tobago |
||
| 300 |
_c21x25.5cm _a45p. |
||
| 490 |
_a15 _v2008 |
||
| 505 | _tReviews | ||
| 505 | _tDoctor, Doctor | ||
| 505 | _tGreat black hope | ||
| 505 | _tAgainst ignorance | ||
| 505 | _tThe Lives of words | ||
| 505 | _tSing another one | ||
| 505 | _tSpaces rastas | ||
| 505 | _tCreole survivors | ||
| 505 |
_tAn island is a world _aIn brief Etc. |
||
| 505 | _tMarginalia | ||
| 505 | _tReading list | ||
| 505 | _tI Join the subversives | ||
| 505 | _t"I live a simple life" | ||
| 505 | _tNotebook | ||
| 505 | _tPoems | ||
| 650 |
_2Tesauro de Arte & Arquitectura _aARTE _9703 |
||
| 650 |
_2Tesauro de Arte & Arquitectura _aLITERATURA CARIBEÑA |
||
| 650 |
_2Tesauro de Arte & Arquitectura _aCULTURA |
||
| 650 |
_2Tesauro de Arte & Arquitectura _aCOLECCION |
||
| 710 |
_aZero-Six Editions _eeditor |
||
| 942 |
_2ddc _c1 _h868.992.3 _iB214c _n0 |
||
| 999 |
_c4144 _d4144 |
||